Normal view
MARC view
- تأليف مضية، محمد سعيد
Entry Personal Name
001 - CONTROL NUMBER
- control field: 48756
003 - CONTROL NUMBER IDENTIFIER
- control field: JO-AjAnu
005 - DATE AND TIME OF LATEST TRANSACTION
- control field: 20230606082035.0
008 - FIXED-LENGTH DATA ELEMENTS
- fixed length control field: 230606|| aca||aabn | a|a d
040 ## - CATALOGING SOURCE
- Original cataloging agency: JO-AjAnu
- Transcribing agency: JO-AjAnu
100 ## - HEADING--PERSONAL NAME
- Personal name: تأليف مضية، محمد سعيد
670 ## - SOURCE DATA FOUND
- Source citation: Work cat.: (JO-AjAnu)24941: تأليف مضية، محمد سعيد , author, البيولوجي والاجتماعي في الابداع الفني: مجموعة مقالات مترجمة عن الانجليزية